00530nam a22001697a 450000500170000001000130001702000260003003500140005603700100007008200110008010000220009124500950011326000360020827000380024430000270028250000510030920110905104659.0 aG-001397 a9788183390675c895.00 a G-001397 bGift  a954.11 aKoul, Gwasha Lal  aKashmir then and now:cby Gwasha Lal Koul ba historical servey (5000 B.C. to 1972 A.D.) / aSrinagar bGulshan Books c2009 aResidency Road,bSrinagare190001 axiv, 311p. c22cm (Hb) aIncludes index and bibliographical references